|
|
|
|
| LEADER |
00000nam a2200000 a 4500 |
| 001 |
vtls001085641 |
| 003 |
SK-MaSNL |
| 005 |
20260301150330.0 |
| 008 |
250414s1987 xo 0 slo |
| 015 |
|
|
|a SNBA1987/10
|
| 035 |
|
|
|a SNK000028480
|
| 040 |
|
|
|a SNK
|b slo
|c SNK
|e AACR2
|
| 041 |
0 |
|
|a slo
|
| 044 |
|
|
|a xo
|c SK
|
| 080 |
|
|
|a 681.5.01(075.8)(076.5)
|2 1981
|
| 100 |
1 |
|
|a Jančáryová, Veronika
|4 aut
|9 507414
|
| 245 |
1 |
0 |
|a Teória riadenia
|b Návody na cvičenia
|c Veronika Jančáryová
|
| 250 |
|
|
|a 2. preprac. vyd.
|
| 260 |
|
|
|a Bratislava
|b Alfa
|a S.l.
|b VŠT v Košiciach [vyd.]
|c 1987
|e Bratislava
|f Západoslovenské tlačiarne
|
| 300 |
|
|
|a 168 s., 13,35 AH
|b Sch.
|c 29 cm
|
| 366 |
|
|
|e 350 výtl.
|
| 490 |
1 |
|
|a Vysokoškolské učebné texty
|
| 504 |
|
|
|a Obsahuje bibliografiu
|
| 650 |
0 |
7 |
|a riadenie
|2 SNKPH
|9 924
|
| 655 |
|
7 |
|a učebnice vysokých škôl
|2 SNKPH
|9 70191
|
| 655 |
|
7 |
|a praktické cvičenia
|2 SNKPH
|9 70517
|
| 830 |
|
0 |
|a Vysokoškolské učebné texty
|9 276539
|
| 852 |
|
|
|a Slovenská národná knižnica
|
| 958 |
|
|
|a OND
|
| 958 |
|
|
|a NB
|
| 958 |
|
|
|a TL
|
| 958 |
|
|
|a UV
|
| 999 |
|
|
|c 783139
|d 785069
|
| 952 |
|
|
|a SNK
|b SNK
|y PREZ
|7 0
|p 17A0843809
|o snkSB 42166
|0 0
|1 0
|4 0
|d 2012-05-18
|f 1
|l 0
|r 2025-05-09 00:00:00
|w 2026-02-24
|
| 952 |
|
|
|t P60, <04>, [BOOK], {604}
|a SNK
|b SNK
|y VYP
|7 0
|p 17A0202651
|o snkSB 42166 D1
|0 0
|1 0
|4 0
|d 1999-07-16
|l 0
|r 2004-12-31 00:00:00
|w 2026-02-24
|